000 00735cab a2200229 4500
001 WB2829-50
008 090401t1992 xxu||||| |||| 00| 0 eng d
035 _a(Sirsi) u63847
041 _aeng
245 _aRIBA and low fee tendering
260 _c1992
350 _a0
490 _aArchitects` Journal
_v196(4) 22 July 1992, 6(1)
520 _aRIBA council members voted on a motion condemning the practice of low fee- bidding, which contravenes the Code of Conduct, which states that projects must be adequately resourced.
650 _aARCHITECTS
650 _aFEE TENDERING
650 _aFEES
650 _aRIBA
690 _aMANAGEMENT-BUSINESS MANAGEMENT-PROFESSIONAL PRACTICE
942 _n0
948 _c04/03/1997
999 _c39720
_d39720